000 00538nam a2200193 i 4500
001 42998
003 ES-MaACL
005 20230906160720.0
007 t|
008 030314s1960 sp ||||1| spa d
100 1 _aCencillo, Luis.
_937397
245 1 3 _aEl misterio de iniquidad en la historia de la Iglesia... /
_cLuis Cencillo.
260 _aMadrid :
_bEuramérica,
_c[1960]
300 _a255 p. ;
_c18 cm.
490 1 _aMundo mejor
830 0 _aMundo mejor
_9181381
852 _aES-MaACL
_jG-9678
_bR.47740
999 _c42998
_d42998